000 00477nam a2200157Ia 4500
003 Ost
005 20260507075701.0
008 260507s9999||||xx |||||||||||||| ||und||
040 _cfsecg
041 _aara
100 _aغبريال، ابراهيم رياض
_eمؤلف
245 0 _aالاحتمالات /
_c ابراهيم رياض غبريال
260 _aالاسكندرية:
_bالمكتبة الجامعية,
_cد.ت
653 _aاحتمالات
942 _cكتاب
999 _c45820
_d45820